Civil procedure and practice in Uganda / (Record no. 4194)
[ view plain ]
| 000 -LEADER | |
|---|---|
| fixed length control field | 00680cam a22002172 4500 |
| 001 - CONTROL NUMBER | |
| control field | 0000020850 |
| 005 - DATE AND TIME OF LATEST TRANSACTION | |
| control field | 20151217145928.0 |
| 008 - FIXED-LENGTH DATA ELEMENTS--GENERAL INFORMATION | |
| fixed length control field | 111024s xx 000 0 eng d |
| 020 ## - INTERNATIONAL STANDARD BOOK NUMBER | |
| International Standard Book Number | 996671216x : |
| 040 ## - CATALOGING SOURCE | |
| Original cataloging agency | KABU |
| Transcribing agency | KABU |
| 100 1# - MAIN ENTRY--PERSONAL NAME | |
| Personal name | Ssekaana Musa. |
| -- | 0000181502 |
| 245 10 - TITLE STATEMENT | |
| Title | Civil procedure and practice in Uganda / |
| Statement of responsibility, etc. | Ssekaana Musa and Salima Namusobya Ssekaana. |
| 250 ## - EDITION STATEMENT | |
| Edition statement | 1st ed. |
| 260 ## - PUBLICATION, DISTRIBUTION, ETC. (IMPRINT) | |
| Place of publication, distribution, etc. | Nairobi : |
| Name of publisher, distributor, etc. | LawAfrica, |
| Date of publication, distribution, etc. | 2007. |
| 300 ## - PHYSICAL DESCRIPTION | |
| Extent | lix, 421 p. |
| 650 #0 - SUBJECT ADDED ENTRY--TOPICAL TERM | |
| Topical term or geographic name as entry element | Civil procedure |
| Geographic subdivision | Uganda. |
| -- | 0000181503 |
| 700 1# - ADDED ENTRY--PERSONAL NAME | |
| Personal name | Ssekaana, Salima Namusobya. |
| -- | 0000181504 |
| 852 1# - LOCATION | |
| -- | p2245 KES |
| 908 ## - PUT COMMAND PARAMETER (RLIN) | |
| Put command parameter | 111024 |
| 950 ## - LOCAL HOLDINGS (RLIN) | |
| -- | 1 |
| Withdrawn status | Lost status | Source of classification or shelving scheme | Not for loan | Home library | Current library | Date acquired | Total Checkouts | Full call number | Barcode | Date last seen | Date last checked out | Price effective from | Koha item type |
|---|---|---|---|---|---|---|---|---|---|---|---|---|---|
| Library of Congress Classification | Kabarak, Main Campus | Kabarak, Main Campus | 17/12/2015 | 1 | KTW353 .S64 2007 c. 2 | 19675 | 04/07/2016 | 16/06/2016 | 17/12/2015 | General Collection | |||
| Library of Congress Classification | Kabarak, Main Campus | Kabarak, Main Campus | 17/12/2015 | KTW353 .S64 2007 c. 1 | 19677 | 17/12/2015 | 17/12/2015 | Africana Collection |